=LDR 00000nam 2200000 4500 =001 INLIS000000000057898 =005 20210722105715 =035 ##$$a 0010-0621000011 =008 210722################g##########0#ind## =020 ##$$a 978-602-223-029-8 =040 ##$$a NBPDMAT =082 ##$$a R.300.3 =090 ##$$a R.300.3 $b Umi e =100 ##$$a Nana Supriatna =245 1#$$a Ensiklopedia IPS Jilid 3 /$c Nana Supriatna, SE., MM. =250 ##$$a Cet. 2 =260 ##$$a Jakarta :$b Multazam Mulia Utama,$c 2012 =300 ##$$a iv, 83 hlm. : $b ilus. ; $c 30 x 21,5 cm. =500 ##$$a Bibliografi : hlm. 83 =650 #4$$a IPS - Ensiklopedia =850 ##$$a NBPDMAT =084 ##$$a R.300.3 UMI e =990 ##$$a 21415317 =990 ##$$a 21415318 =990 ##$$a 21415319 =990 ##$$a 21415320 =990 ##$$a 21415321